Top 5 Biggest Cities in the Bahamas by Population - Statistics

General Stats
  • This quiz has been taken 5 times
  • The average score is 2 of 5
Answer Stats
Population City % Correct
172k Nassau
100%
36k Freeport
75%
5.7k Coopers Town
0%
3.6k Marsh Harbour
0%
11k West End
0%
No matching quizzes found
Score Distribution
Percent of People with Each Score
Percentile by Number Answered
Your Score History
You have not taken this quiz